[Event "EU Union-ch U08"]
[Site "Pec pod Snezkou"]
[Date "2022.08.25"]
[Round "4"]
[White "Kovacs, Balazs2222"]
[Black "Cazacu, Iustin Nicolas"]
[Result "0-1"]
[WhiteElo "1463"]
[BlackElo "1456"]
[PlyCount "152"]
[EventDate "2022.08.22"]
[EventType "swiss"]
[EventRounds "9"]
[EventCountry "CZE"]
[SourceTitle "EXT 2023"]
[Source "ChessBase"]
[SourceDate "2022.10.05"]
[SourceVersion "1"]
[SourceVersionDate "2022.10.05"]
[SourceQuality "1"]

1. e4 c5 2. Nf3 Nc6 3. d4 cxd4 4. Nxd4 g6 5. c4 Nf6 6. Nc3 Nxd4 7. Qxd4 d6 8. Bg5 Bg7 9. Nd5 0-0 10. Bxf6 exf6 11. Qd2 f5 12. exf5 Bxf5 13. Be2 Qh4 14. 0-0 Kh8 15. Bf3 Qd4 16. Qxd4 Bxd4 17. Ne7 Bxb2 18. Rad1 Be6 19. Rb1 Be5 20. Rxb7 Bxc4 21. Rc1 Bxa2 22. Rd7 Rab8 23. Rxa7 Rb2 24. Nc6 Rc8 25. Re1 Bc3 26. Ra1 Be6 27. Ra8 Rxa8 28. Rxa8+ Kg7 29. h3 Bd7 30. Ra3 Be1 31. Kh2 Bxc6 32. Bxc6 Rxf2 33. Rd3 Bb4 34. Bd5 Rd2 35. Rxd2 Bxd2 36. Kg3 f5 37. Kf3 Kf6 38. g4 f4 39. Ke4 g5 40. Ba8 f3 41. Kxf3 Ke5 42. Ke2 Bc3 43. Kd3 Bb4 44. Be4 h6 45. Bf5 Kf4 46. Kc4 Bc5 47. Kd5 Kg3 48. Be6 Kxh3 49. Bf5 Kh4 50. Ke4 h5 51. gxh5 Kxh5 52. Kf3 Kh4 53. Kg2 g4 54. Be6 g3 55. Kf3 Bf2 56. Kg2 Kg5 57. Bd5 Kf4 58. Bf3 Ke5 59. Kf1 Kd4 60. Ke2 Be3 61. Bg2 Bf4 62. Bf3 d5 63. Bg2 Kc4 64. Bf3 d4 65. Be4 Kc3 66. Bf5 Be3 67. Kf3 Bf2 68. Kg2 d3 69. Bxd3 Kxd3 70. Kf3 Be1 71. Kg2 Ke2 72. Kh3 Kf2 73. Kh4 g2 74. Kh3 g1Q 75. Kh4 Qg6 76. Kh3 Qh5# 0-1

[Event "EU Union-ch U08"]
[Site "Pec pod Snezkou"]
[Date "2022.08.24"]
[Round "3"]
[White "Cazacu, Iustin Nicolas"]
[Black "Trejbal, Jindrich"]
[Result "1-0"]
[WhiteElo "1456"]
[BlackElo "1933"]
[PlyCount "97"]
[EventDate "2022.08.22"]
[EventType "swiss"]
[EventRounds "9"]
[EventCountry "CZE"]
[SourceTitle "EXT 2023"]
[Source "ChessBase"]
[SourceDate "2022.10.05"]
[SourceVersion "1"]
[SourceVersionDate "2022.10.05"]
[SourceQuality "1"]

1. d4 d5 2. c4 e6 3. Nc3 c6 4. Nf3 Nf6 5. Bg5 Be7 6. e3 h6 7. Bh4 0-0 8. Bd3 dxc4 9. Bxc4 Nd5 10. Bxe7 Qxe7 11. e4 Nxc3 12. bxc3 Nd7 13. 0-0 c5 14. d5 exd5 15. Bxd5 Nf6 16. c4 Nxd5 17. exd5 Bg4 18. Qd3 Rfe8 19. Rfe1 Qf6 20. Nd2 Be2 21. Qc2 Qd4 22. Rac1 Qd3 23. Qxd3 Bxd3 24. Re3 Rxe3 25. fxe3 Re8 26. Kf2 Kf8 27. Rc3 Bf5 28. Ra3 a6 29. Rb3 Re7 30. Rb6 Ke8 31. Nb3 Rc7 32. Na5 Bd3 33. Nxb7 Bxc4 34. Nd6+ Ke7 35. Nxc4 Rd7 36. d6+ Ke6 37. Rxa6 Rb7 38. Rc6 Kd5 39. Rc7 Rb8 40. d7 Kxc4 41. Rc8 Rb2+ 42. Ke1 Rb1+ 43. Kd2 Rb2+ 44. Kc1 Rxg2 45. d8Q Rxa2 46. Rxc5+ Kxc5 47. Qd4+ Kc6 48. Qc4+ Kd6 49. Qxa2 1-0